000
00339nam a22001337a 4500
999
_c
517834
_d
517834
008
210730b ||||| |||| 00| 0 eng d
100
_a
Sharma, Rashi
_9
28142
245
_a
Boosting the education sector
260
_a
Kurukshetra
300
_a
69(5), Mar, 2021: p.23-28
773
_a
Kurukshetra
906
_a
EDUCATION
942
_c
AR